Normal view
MARC view
Entry Personal Name
001 - CONTROL NUMBER
- control field: 82831
003 - CONTROL NUMBER IDENTIFIER
- control field: OSt
005 - DATE AND TIME OF LATEST TRANSACTION
- control field: 20241023130712.0
008 - FIXED-LENGTH DATA ELEMENTS
- fixed length control field: 241023|| aca||aabn | a|a d
040 ## - CATALOGING SOURCE
- Original cataloging agency: OSt
- Transcribing agency: OSt
100 ## - HEADING--PERSONAL NAME
- Personal name: T'haye, Khentrul Lodro
670 ## - SOURCE DATA FOUND
- Source citation: Work cat.: (OSt)67557: T'haye, Khentrul Lodro , THE POWER OF MIND , 2024









